| 000 | 01902nam a22003373i 4500 | ||
|---|---|---|---|
| 001 | EBC31903203 | ||
| 003 | MiAaPQ | ||
| 005 | 20251205124459.0 | ||
| 007 | cr cnu|||||||| | ||
| 008 | 251205s2025 xx o ||||0 eng d | ||
| 020 |
_a9780198929505 _q(electronic bk.) |
||
| 040 |
_aMiAaPQ _beng _cMiAaPQ |
||
| 100 | 1 |
_aTrencsényi, Balázs. _922721 |
|
| 245 | 1 | 0 |
_aIntellectuals and the Crisis of Politics in the Interwar Period and Beyond : _bA Transnational History. |
| 250 | _a1st ed. | ||
| 264 | 1 |
_aOxford : _bOxford University Press, Incorporated, _c2025. |
|
| 264 | 4 | _c{copy}2025. | |
| 300 | _a1 online resource (337 pages) | ||
| 336 |
_aText _btxt _2rdacontent |
||
| 337 |
_aComputermedien _bc _2rdamedia |
||
| 338 |
_aOnline Resource _bcr _2rdacarrier |
||
| 500 | _aE-Book-ProQuest / Fernzugriff nach Registrierung möglich | ||
| 505 | 0 | _aCover -- Title Page -- Copyright Page -- Contents -- 1 Introduction: The Faces of Crisis -- 2 The Morphology of Modern Crisis Discourses -- 3 Crisis of the Mind and Spirit -- 4 Crisis of Capitalism -- 5 Crisis of Social Cohesion -- 6 Crisis of Liberalism -- 7 Crisis of Democracy -- 8 Crisis of Socialism -- 9 Crisis of the Nation-State and the International System -- 10 Long Shadows of the Interwar Crises -- 11 Conclusion: The Politics of Crisis -- Select Bibliography -- Index. | |
| 520 | _aThis book provides a comprehensive analysis of modern European crisis discourses from the interwar period through to the present day. | ||
| 655 |
_aFernzugriff _9230 |
||
| 655 | 4 | _aElectronic books. | |
| 776 | 0 | 8 |
_iPrint version: _aTrencsényi, Balázs _tIntellectuals and the Crisis of Politics in the Interwar Period and Beyond _dOxford : Oxford University Press, Incorporated,c2025 |
| 856 | 4 | 0 |
_uhttps://ebookcentral.proquest.com/lib/maxweberstiftung-ebooks/detail.action?docID=31903203 _zVolltext |
| 942 | _cEB | ||
| 999 |
_c73322 _d73322 |
||